An introduction to town and country planning (Record no. 83989)

MARC details
000 -LEADER
fixed length control field 00793nam a2200265 4500
003 - CONTROL NUMBER IDENTIFIER
control field CBULib
005 - DATE AND TIME OF LATEST TRANSACTION
control field 20240115094144.0
008 - FIXED-LENGTH DATA ELEMENTS--GENERAL INFORMATION
fixed length control field 240115b |||||||| |||| 00| 0 eng d
020 ## - INTERNATIONAL STANDARD BOOK NUMBER
International Standard Book Number 9780091440213
040 ## - CATALOGING SOURCE
Language of cataloging English
Transcribing agency CBULib
Description conventions rda
050 ## - LIBRARY OF CONGRESS CALL NUMBER
Classification number HT 166 Rat
100 ## - MAIN ENTRY--PERSONAL NAME
9 (RLIN) 1603
Personal name Ratcliff, John
245 ## - TITLE STATEMENT
Title An introduction to town and country planning
Statement of responsibility, etc / by John Ratcliff
250 ## - EDITION STATEMENT
Edition statement Second edition
260 ## - PUBLICATION, DISTRIBUTION, ETC. (IMPRINT)
Place of publication, distribution, etc [London] :
Name of publisher, distributor, etc Hutchinson,
Date of publication, distribution, etc 1974
300 ## - PHYSICAL DESCRIPTION
Extent xi, 378 pages : illustrations
336 ## - CONTENT TYPE
Source rdacontent
Content type term Text |
Content type code txt
337 ## - MEDIA TYPE
Source rdamedia
Media type term Unmediated |
Media type code n
338 ## - CARRIER TYPE
Source rdacarrier
Carrier type term Volume
Carrier type code nc
490 ## - SERIES STATEMENT
Series statement Built environment series
650 #0 - SUBJECT ADDED ENTRY--TOPICAL TERM
9 (RLIN) 299
Topical term or geographic name as entry element CITY PLANNING
650 #0 - SUBJECT ADDED ENTRY--TOPICAL TERM
9 (RLIN) 1604
Topical term or geographic name as entry element URBAN PLANNIING
650 #0 - SUBJECT ADDED ENTRY--TOPICAL TERM
9 (RLIN) 1605
Topical term or geographic name as entry element REGIONAL PLANNING
942 ## - ADDED ENTRY ELEMENTS (KOHA)
Source of classification or shelving scheme
Koha item type MONOGRAPH
Holdings
Withdrawn status Lost status Source of classification or shelving scheme Damaged status Not for loan Collection code Permanent Location Current Location Shelving location Date acquired Total Checkouts Total Renewals Full call number Barcode Checked out Date last seen Date checked out Copy number Price effective from Koha item type
          Main Library Open Access Collection CBU-MAIN LIBRARY, KITWE. CBU-MAIN LIBRARY, KITWE. General Stacks 01/15/2024 12 1 HT 166 Rat 023813 05/31/2026 03/30/2026 03/30/2026 1 01/15/2024 MONOGRAPH